[Event "POL-chT U20"]
[Site "Szczyrk"]
[Date "2017.07.26"]
[Round "5.15"]
[White "Sapinski, Sebastian"]
[Black "Kosior, Jan"]
[Result "1-0"]
[WhiteElo "1371"]
[BlackElo "1340"]
[PlyCount "103"]
[EventDate "2017.07.22"]
[EventType "team-tourn"]
[EventRounds "9"]
[EventCountry "POL"]
[SourceTitle "EXT 2019"]
[Source "ChessBase"]
[SourceDate "2018.10.10"]
[SourceVersion "1"]
[SourceVersionDate "2018.10.10"]
[SourceQuality "1"]

1. d4 d5 2. e3 Nf6 3. Bd3 c6 4. Nf3 Bg4 5. Nbd2 Nbd7 6. 0-0 e6 7. c3 Bd6 8. e4 dxe4 9. Nxe4 Nxe4 10. Bxe4 Nf6 11. Bc2 h6 12. Re1 0-0 13. h3 Bh5 14. Qe2 Re8 15. Qd3 Bg6 16. Qd2 Bxc2 17. Qxc2 Qc7 18. Bd2 Rad8 19. Re2 c5 20. dxc5 Bxc5 21. Be3 Bxe3 22. Rxe3 Nd5 23. Ree1 Nb4 24. Qe4 Nd3 25. Re2 Qb6 26. Nd4 Nc5 27. Qc2 Rd7 28. Rae1 Red8 29. Re3 Na4 30. Qxa4 Qxb2 31. Qb3 Qxb3 32. axb3 a6 33. f4 Rc7 34. Rf1 g6 35. g4 Rdc8 36. Rff3 Rc5 37. b4 Rd5 38. f5 e5 39. Nb3 g5 40. Kf2 f6 41. Ke2 Rcd8 42. Rg3 Rc8 43. Rd3 Rb5 44. Rd6 Kg7 45. Rgd3 b6 46. Rd7+ Kg8 47. Rd8+ Rxd8 48. Rxd8+ Kg7 49. Kd3 e4+ 50. Ke3 a5 51. Nd4 Re5 52. Nc6 1-0